Statistiken für Romanische Sprachen

Klicken Sie hier um das Quiz zu spielen!

Allgemein

  • Dieses Quiz wurde 137 mal gespielt
  • Das Durchschnittsergebnis liegt bei 7 aus 20

Antwortstatistiken

Sprache% Korrekt
Italienisch
98%
Spanisch
98%
Portugiesisch
96%
Französisch
90%
Rumänisch
81%
Katalanisch
58%
Galicisch/Galizisch
35%
Sizilianisch
33%
Räto-Romanisch
28%
Sardinisch
28%
Lateinisch (†)
23%
Korsisch
20%
Lombardisch
16%
Ladino/Ladinisch
15%
Okzitanisch
10%
Aragonesisch
6%
Venetisch
6%
Asturisch
5%
Furlanisch
2%
Haitisch
0%

Verteilung der Resultate

Perzentil nach korrekt beantworteten Fragen

Anzahl Personen mit jedem Resultat

Ihre Resultats-Entwicklung

Sie haben dieses Quiz noch nicht gespielt